Практическая риторика (Запис № 329142)

МАРК-запис
000 -Лідер
fixed length control field 00713nam a22002537a 4500
003 - Ідентифікатор контрольного номера
control field UA-OsUOA
001 - Контрольний номер
control field 43012
007 - Фіксоване поле фізичного опису
fixed length control field ta
008 - Елементи даних фіксованої довжини – загальна інформація
fixed length control field 20061204b un ||||| |||| 00| 0 ukr d
090 ## - Локальний шифр розміщення
Класифікаційний індекс УДК 808.5(075.8)
Авторський знак (НП) С79
040 ## - Джерело каталогізації
Агенція оригінальної каталогізації UA-OsUOA
Мова каталогізації rus
Агенція, яка здійснювала перезапис UA-OsUOA
Агенція, яка здійснювала модифікацію UA-OsUOA
041 ## - Код мови
Код мови тексту/ звукової доріжки чи окремого заголовка (П) rus
080 ## - Індекс Універсальної десяткової класифікації
Індекс Універсальної десяткової класифікації (УДК) (НП) 808.5(075.8)
020 ## - Міжнародний стандартний книжковий номер (ISBN)
Міжнародний стандартний книжковий номер (ISBN) (НП) 5-7695-3192-4
100 ## - Основне введення – ім’я особи
Ім’я особи (НП) Стернин И.А.
245 ## - Відомості про назву
Назва (НП) Практическая риторика
260 ## - Публікація, розповсюдження і т.п. (Вихідні дані)
Місце публікації, розповсюдження і т.п. (П) М.
Ім’я/ наймення видавництва, розповсюджувача і т.п. (П) Академия
Дата публікації, розповсюдження і т.п. (П) 2006
250 ## - Відомості про видання (редакцію)
-- 3-е изд., испр.
300 ## - Фізичний опис
Обсяг 272 с.
650 #7 - Додаткове предметне введення – тематичний термін
Тематичний термін чи географічна назва, як елемент введення (НП) 80 Загальні питання лінгвістики, літератури. Філологія
Джерело заголовка чи терміна UDC
942 ## - Додаткові елементи входу (Коха)
Тип елемента Koha Книги
955 ## - Код типу видання за змістом
Код типу видання за змістом (НП) Навчальні видання
Фонди
Стан вилучень Стан втрат Джерело класифікації або схеми стелажів Стан уражень Не для кредиту Постійне місце розташування Поточне розміщення Дата придбання Джерело придбання Вартість, звичайна ціна покупки Інвентарний номер Усього замовленно Повний номер виклику Штрих-код Дата останнього перегляду Ціна ефективна від Тип елемента Koha
    Universal Decimal Classification     ЧЗ - Читальна зала ЧЗ - Читальна зала 04/12/2006 138/2006 46.00 100975   808.5(075.8) С79 100975 07/02/2022 04/12/2006 Книги
    Universal Decimal Classification     ЧЗ - Читальна зала ЧЗ - Читальна зала 04/12/2006 138/2006 46.00 100976   808.5(075.8) С79 100976 07/02/2022 04/12/2006 Книги